Score 0/20 Timer 03:00
0 Plays Today
Cartoon Missing Word % Correct
Scooby-Doo, _____ Are You!Where
97.5%
The Pink _____ ShowPanther
93.5%
The Rocky and _____ ShowBullwinkle
92.9%
The _____ Bunny ShowBugs
91.7%
_____ of the JungleGeorge
91.2%
The Quick Draw _____ ShowMcGraw
86.9%
Bozo: The World's Most Famous _____Clown
86.6%
_____ Bear & FriendsYogi
85.2%
The Woody _____ ShowWoodpecker
82.1%
The Magilla _____ ShowGorilla
77.6%
Cartoon Missing Word % Correct
The _____ Pig ShowPorky
75.8%
The _____ Hound ShowHuckleberry
72.1%
Top _____Cat
62.5%
Jonny _____Quest
54.9%
_____ DawgDeputy
53.2%
_____ TerrificTom
50.7%
The _____ Ant ShowAtom
48%
_____ GhostSpace
44.6%
Augie Doggie and Doggie _____Daddy
38.4%
_____ VoyageFantastic
36.8%

Today's Daily Dose

Missing Word
Boxers

Quick Pick
Rise or Fall?

Get the Picture
A ‘B’ in Disney

You're not logged in!

Compare scores with friends on all Sporcle quizzes.
OR
Log In

Sporcle TV

Today on Sporcle TV


Watch our educational content, quiz creation guides, and fun videos on Sporcle TV.

Show Comments

Extras

Top Quizzes Today


Score Distribution

Paid Content

Your Account Isn't Verified!

In order to create a playlist on Sporcle, you need to verify the email address you used during registration. Go to your Sporcle Settings to finish the process.

Report this User

Report this user for behavior that violates our Community Guidelines.

Details: